Normal view
MARC view
- Heiblum Robles, Alan
Entry Nombre Personal
001 - NUMERO DE CONTROL
- campo de control: 59376
003 - IDENTIFICADOR DE NUMERO DE CONTROL
- campo de control: MX-MxUPN
005 - FECHA Y HORA DE LA ÜLTIMA TRANSACCIÓN
- campo de control: 20260427094152.0
008 - DATOS DE LONGITUD FIJA
- campo de control de longitud fija: 260427nn acannaabn n aaa d
040 ## - FUENTE DE CATALOGACIÓN
- Agencia original de catalogación: MX-MxUPN
- Lenguaje de catalogación: spa
100 1# - ENCABEZAMIENTO - NOMBRE PERSONAL
- Nombre personal: Heiblum Robles, Alan
670 ## - FUENTE EN LA QUE SE LOCALIZARON DATOS
- Cita de la fuente: Robles, Alan Heiblum
902 ## - CATALOGADOR
- Catalogador: VíctorGodínez/270426
